Mr Grangers 40 most important elements - Statistics

General Stats
  • This quiz has been taken 68 times
  • The average score is 29 of 40
Answer Stats
Hint Answer % Correct
Ag Gold
100%
He Helium
100%
H Hydrogen
100%
Mg Magnesium
100%
O Oxygen
100%
Ag Silver
100%
C Carbon
88%
Fe Iron
88%
Li Lithium
88%
Ne Neon
88%
N Nitrogen
88%
P Phosphorus
88%
K Potassium
88%
Si Silicon
88%
Na Sodium
88%
Al Aluminum
75%
B Boron
75%
Ca Calcium
75%
Cl Chlorine
75%
Co Cobalt
75%
Cu Copper
75%
Kr Krypton
75%
S Sulfur
75%
Zn Zinc
75%
Be Beryllium
63%
Br Bromine
63%
I Iodine
63%
Mn Manganese
63%
Hg Mercury
63%
Ni Nickel
63%
Se Selenium
63%
Se Selenium
63%
Ba Barium
50%
Cr Chromium
50%
F Fluorine
50%
Rb Rubidium
38%
Sn Tin
38%
W Tungsten
38%
Pb Lead
25%
Sr Strontium
25%
No matching quizzes found
Score Distribution
Percent of People with Each Score
Percentile by Number Answered
Your Score History
You have not taken this quiz